| 000 | 01195nam0a22003011 4500 | ||
|---|---|---|---|
| 001 | rc\4843144 | ||
| 005 | 20260408072304.0 | ||
| 021 |
_aRU _b67-71209 |
||
| 021 |
_aRU _bРг9177-67 |
||
| 035 | _a(NLR Aleph) 008811285 | ||
| 090 |
_a8163374 _c8163374 |
||
| 100 | _a20130426d1967 |||y0rusy50 ca | ||
| 101 | 0 | _arus | |
| 102 | _aRU | ||
| 105 | _ay z ||||| | ||
| 200 | 1 |
_aВопрос о войне и мире - основной вопрос современности _fОтд. пропаганды и агитации Омского обкома КПСС |
|
| 210 |
_aОмск _cБ. и. _d1967 |
||
| 215 |
_a24 с. _d24 |
||
| 225 | 1 |
_aВ помощь лектору _iК 50-летию Великого Октября |
|
| 300 | _aВ вып. дан. авт.: доц. А.В. Тимофеева | ||
| 320 | _aБиблиогр.: с. 24 | ||
| 700 | 1 |
_aТимофеева _bА.В. _gАнтонина Васильевна |
|
| 712 | 0 | 2 |
_aКПСС _bОмский областной комитет _bОтдел пропаганды и агитации _9626704 _3RU\NLR\AUTH\8810062580 |
| 801 | 0 |
_aRU _bNLR _gpsbo |
|
| 801 | 1 |
_aRU _bELAR _2rusmarc |
|
| 852 |
_aNLR _j67-7/1875 |
||
| 942 | _cBOOK | ||
| 980 | _aNB | ||